Hovorená podoba slovenčiny v Banskej Bystrici autoreferát dizertácie na získanie vedeckej hodnosti

Bibliographic Details
Other Authors: Patráš, Vladimír, 1959- (Dissertant)
Format: Thesis Book
Language:Slovak
PhysicalDescription:29 s. 20 cm
Published: Bratislava [Slovenská akadémia vied] 1990
Edition:[1. vyd.]
Subjects:

MARC

LEADER 00000nam a2200000 a 4500
001 vtls009094157
003 SK-MaSNL
005 20260331205241.0
008 210928s1990 xo f am 000 0 slo
040 |a SNK  |b slo  |c SNK  |e AACR2 
041 0 |a slo  |b eng  |b fre 
043 |a e-xo--- 
044 |a xo  |c SK 
072 7 |a 811.162.4  |x Slovenčina  |2 konspekt 
080 |a 811.162.4'271.1  |2 2001 
080 |a 911.375  |2 2001 
080 |a 81'27  |2 2001 
080 |a (437.6)  |2 2001 
080 |a (043.3)378.22  |2 2001 
080 |a (048.3)  |2 2001 
100 1 |a Patráš, Vladimír,  |d 1959-  |4 dis  |9 241952 
245 1 0 |a Hovorená podoba slovenčiny v Banskej Bystrici  |b autoreferát dizertácie na získanie vedeckej hodnosti  |c Vladimír Patráš 
250 |a [1. vyd.] 
260 |a Bratislava  |b [Slovenská akadémia vied]  |c 1990 
300 |a 29 s.  |c 20 cm 
500 |a Číslo vedného odboru: 73-04-9 Slovenský jazyk 
502 |a Autoreferát dizertácie (CSc.)--Slovenská akadémia vied - Jazykovedný ústav Ľudovíta Štúra, Bratislava, 1991 
504 |a Bibliografia s. 24-29 
546 |a Res. angl. a franc. 
650 0 7 |a hovorová slovenčina  |2 SNKPH  |9 113329 
650 0 7 |a mestá  |2 SNKPH  |9 2929 
650 0 7 |a sociolingvistika  |2 SNKPH  |9 869 
651 7 |a Banská Bystrica (Slovensko)  |2 SNKPH  |9 22015 
655 7 |a kandidátske dizertácie  |2 SNKPH  |9 309955 
655 7 |a autoreferáty  |2 SNKPH  |9 70546 
958 |a OND 
999 |c 600028  |d 601958 
952 |a SNK  |b SNK  |y PREZ  |7 0  |p 17A0561189  |o snkOSC 24050  |i snk2007/20482  |8 1  |0 0  |1 0  |4 0  |d 2007-09-13  |l 0  |r 2026-02-23 15:51:35  |w 2026-02-23